Bibliography and Abstracts of Papers in Flora of Uttar Pradesh and Uttarakhand/ (Record no. 206935)

MARC details
000 -LEADER
fixed length control field 00857nam a22002177a 4500
005 - DATE AND TIME OF LATEST TRANSACTION
control field 20241108142311.0
010 ## - LCCN (DPL NO)
LC control number ENG-142600
020 ## - INTERNATIONAL STANDARD BOOK NUMBER
International Standard Book Number 9788194991304
Terms of availability 550.00
035 ## - SYSTEM CONTROL NUMBER
System control number EN-126132
037 ## - SOURCE OF ACQUISITION
Source of stock number/acquisition DBAD
082 ## - DEWEY DECIMAL CLASSIFICATION NUMBER
Classification number 954.13
Edition number 1
245 ## - TITLE STATEMENT
Title Bibliography and Abstracts of Papers in Flora of Uttar Pradesh and Uttarakhand/
Statement of responsibility, etc Compiled by Sourmen Gantait; Kanad Das [and] Dinesh Kumar Agrawala
250 ## - EDITION STATEMENT
Edition statement 1
260 ## - PUBLICATION, DISTRIBUTION, ETC. (IMPRINT)
Place of publication, distribution, etc Howrah, Kolkata
Name of publisher, distributor, etc Botanical Survey of India
270 ## - ADDRESS
Address Ministry of Environment ,Forest & Climate Change, Govt. of India,3rd MSO Building, CGO Complex
City Howrah,Kolkata
Postal code 711103
300 ## - PHYSICAL DESCRIPTION
Extent 617p.
Dimensions 24cm.(pb)
Other physical details ill.
700 ## - ADDED ENTRY--PERSONAL NAME
Personal name Gantait; , Sourmen
Relator term Compiled
9 (RLIN) 73814
700 ## - ADDED ENTRY--PERSONAL NAME
Personal name Agrawala, Dinesh Kumar
Relator term Compiled
9 (RLIN) 73816
700 ## - ADDED ENTRY--PERSONAL NAME
Personal name Das , Kanad
Relator term Compiled
9 (RLIN) 73815
942 ## - ADDED ENTRY ELEMENTS (KOHA)
Source of classification or shelving scheme Dewey Decimal Classification
Item type English Books
Call number suffix BIB
Classification part 954.13
Holdings
Withdrawn status Lost status Not for loan Collection code Home library Current library Date acquired Source of acquisition Cost, normal purchase price Full call number Barcode Copy number Cost, replacement price Koha item type
      Non-fiction D.B.Act.Division D.B.Act.Division 08/11/2024 Delivery of Books Act Division 550.00 BIB 954.13 EN-126132 1 550.00 English Books

© Delhi Public Library
Hit Counter
free hit counter